Electrical Power Cable Engineering /

Gespeichert in:
Bibliographische Detailangaben
1. Verfasser: Thue, William (Verfasst von)
Format: Buch
Sprache:Englisch
Veröffentlicht: Boca Raton CRC Press 2012
Ausgabe:3rd Ed.
Schlagworte:
Tags: Tag hinzufügen
Keine Tags, Fügen Sie das erste Tag hinzu!

MARC

LEADER 00000nam a22000003a 4500
001 0069948
003 SK-STU
005 20181218102433.8
007 ta
008 181218s ----xo-----e------000-0-----d
020 |a 978-1-138-07400-2 
040 |a STU  |b slo 
041 0 |a eng 
044 |a xxu 
100 1 |a Thue, William  |4 aut 
245 1 0 |a Electrical Power Cable Engineering /  |c aut. William Thue 
250 |a 3rd Ed. 
260 |a Boca Raton  |b CRC Press  |c 2012 
300 |a 444 s. 
650 0 7 |a elektrické káble 
996 |b 284M088077  |c M* 14211-1  |l MMKN  |s A  |a 24  |w 0069948_0001